[Event "Kemerovo Kuzbass-ch"]
[Site "Kemerovo"]
[Date "2012.11.27"]
[Round "6"]
[White "Emelianov, Mikhail"]
[Black "Kolosovskiy, Danil"]
[Result "1/2-1/2"]
[WhiteElo "2208"]
[BlackElo "1981"]
[PlyCount "72"]
[EventDate "2012.11.23"]
[EventType "swiss"]
[EventRounds "9"]
[EventCountry "RUS"]
[SourceTitle "CBM 151 Extra"]
[Source "ChessBase"]
[SourceDate "2012.12.18"]
[SourceVersion "1"]
[SourceVersionDate "2012.12.18"]
[SourceQuality "1"]

1. e4 d5 2. exd5 Qxd5 3. Nc3 Qd6 4. Nf3 c6 5. d4 Bg4 6. Be2 e6 7. 0-0 Nf6 8. Bg5 Nbd7 9. Qd3 Bf5 10. Qd2 Qc7 11. Bf4 Bd6 12. Bxd6 Qxd6 13. Rfd1 0-0 14. h3 b5 15. Nh4 Bg6 16. Nxg6 hxg6 17. Bf3 Rab8 18. Ne2 Nb6 19. b3 Nfd5 20. c3 a6 21. Rac1 c5 22. Ng3 c4 23. Ne4 Qc6 24. Nc5 Nd7 25. bxc4 bxc4 26. Qe2 Nxc5 27. Qxc4 Qa4 28. Bxd5 exd5 29. Qxc5 Qxa2 30. Ra1 Qb3 31. Re1 Rbc8 32. Qd6 Qxc3 33. Qxd5 Rcd8 34. Qc5 Qxd4 35. Qxd4 Rxd4 36. Rxa6 Rd7 1/2-1/2

[Event "Kemerovo Kuzbass-ch"]
[Site "Kemerovo"]
[Date "2012.11.25"]
[Round "2"]
[White "Emelianov, Mikhail"]
[Black "Popenko, Igor"]
[Result "1-0"]
[WhiteElo "2208"]
[BlackElo "1790"]
[PlyCount "69"]
[EventDate "2012.11.23"]
[EventType "swiss"]
[EventRounds "9"]
[EventCountry "RUS"]
[SourceTitle "CBM 151 Extra"]
[Source "ChessBase"]
[SourceDate "2012.12.18"]
[SourceVersion "1"]
[SourceVersionDate "2012.12.18"]
[SourceQuality "1"]

1. e4 e6 2. d4 d5 3. e5 c5 4. c3 Qb6 5. Nf3 cxd4 6. cxd4 Bd7 7. Nc3 Bb4 8. Bd3 Ne7 9. 0-0 Nf5 10. Bxf5 Bxc3 11. Bxe6 fxe6 12. bxc3 Qc7 13. Qc2 Bb5 14. Re1 Kd7 15. Ng5 g6 16. Nf7 Rf8 17. Nd6 Ba6 18. Qd2 Nc6 19. Qh6 Ne7 20. Bg5 Qd8 21. Qxh7 Rh8 22. Qxe7+ Qxe7 23. Bxe7 Kxe7 24. Re3 Raf8 25. Rb1 b6 26. Rb3 Bc4 27. Rb4 a5 28. Rb2 Kd7 29. Rg3 Rhg8 30. Rxb6 Rb8 31. Nxc4 dxc4 32. Rxb8 Rxb8 33. h4 Rb2 34. a4 Ra2 35. Rxg6 1-0

[Event "Abaza op"]
[Site "Abaza"]
[Date "2008.07.20"]
[Round "1"]
[White "Chernov, Mikhail"]
[Black "Emelianov, Mikhail"]
[Result "1/2-1/2"]
[WhiteElo "1950"]
[BlackElo "2216"]
[PlyCount "75"]
[EventDate "2008.07.20"]
[EventType "swiss"]
[EventRounds "9"]
[EventCountry "RUS"]
[SourceTitle "EXT 2022"]
[Source "ChessBase"]
[SourceDate "2021.10.06"]
[SourceVersion "1"]
[SourceVersionDate "2021.10.06"]
[SourceQuality "1"]

1. e4 e6 2. d4 d5 3. e5 c5 4. c3 Nc6 5. Nf3 Qb6 6. a3 c4 7. Nbd2 Na5 8. g3 Bd7 9. h4 Be7 10. h5 0-0-0 11. Rb1 Nh6 12. Bh3 g5 13. Nh2 Nb3 14. Nxb3 Ba4 15. Ng4 Bxb3 16. Qe2 Nf5 17. 0-0 Qc6 18. Nf6 Bxf6 19. exf6 h6 20. g4 Nd6 21. f3 Kb8 22. Rf2 Qa4 23. Be3 Rhe8 24. Rbf1 e5 25. dxe5 Rxe5 26. Bxa7+ Qxa7 27. Qxe5 Qc5 28. Qd4 Qxd4 29. cxd4 Re8 30. f4 Ne4 31. Re2 c3 32. bxc3 Bc4 33. Rfe1 Bxe2 34. Rxe2 gxf4 35. Bg2 Re6 36. c4 Nxf6 37. Rxe6 fxe6 38. cxd5 1/2-1/2

[Event "Abaza op"]
[Site "Abaza"]
[Date "2008.07.20"]
[Round "8"]
[White "Emelianov, Mikhail"]
[Black "Mokhov, Leonid"]
[Result "0-1"]
[WhiteElo "2216"]
[BlackElo "2149"]
[PlyCount "106"]
[EventDate "2008.07.20"]
[EventType "swiss"]
[EventRounds "9"]
[EventCountry "RUS"]
[SourceTitle "EXT 2022"]
[Source "ChessBase"]
[SourceDate "2021.10.06"]
[SourceVersion "1"]
[SourceVersionDate "2021.10.06"]
[SourceQuality "1"]

1. e4 d6 2. d4 Nf6 3. Nc3 Nbd7 4. f4 e5 5. Nf3 c6 6. h3 Qe7 7. Be2 b5 8. a3 a6 9. 0-0 Bb7 10. fxe5 dxe5 11. dxe5 Nxe5 12. Nxe5 Qxe5 13. Rf5 Qe6 14. Bf4 Be7 15. Re5 Qd7 16. Qe1 Bc8 17. Qg3 0-0 18. Rd1 Qa7+ 19. Be3 Qc7 20. Rg5 Qxg3 21. Rxg3 Rd8 22. Rxd8+ Bxd8 23. e5 Bc7 24. Bh6 g6 25. Rd3 Nd7 26. e6 fxe6 27. Rf3 Be5 28. Ne4 Bg7 29. Bxg7 Kxg7 30. Ng5 Nf6 31. Rc3 Bd7 32. Bf3 Nd5 33. Bxd5 exd5 34. Rf3 Bf5 35. g4 h6 36. gxf5 hxg5 37. f6+ Kf7 38. Kg2 Re8 39. Kg3 Re4 40. Rf2 d4 41. b4 Re6 42. Kg4 Rxf6 43. Rd2 Rd6 44. Kxg5 Rd5+ 45. Kg4 g5 46. h4 gxh4 47. Kxh4 Kf6 48. Kg4 Ke5 49. Kf3 c5 50. Ke2 c4 51. Kd1 d3 52. Rh2 Kd4 53. cxd3 Kc3 0-1

[Event "Abaza op"]
[Site "Abaza"]
[Date "2008.07.20"]
[Round "7"]
[White "Trofimov, Nikita"]
[Black "Emelianov, Mikhail"]
[Result "0-1"]
[WhiteElo "2063"]
[BlackElo "2216"]
[PlyCount "44"]
[EventDate "2008.07.20"]
[EventType "swiss"]
[EventRounds "9"]
[EventCountry "RUS"]
[SourceTitle "EXT 2022"]
[Source "ChessBase"]
[SourceDate "2021.10.06"]
[SourceVersion "1"]
[SourceVersionDate "2021.10.06"]
[SourceQuality "1"]

1. d4 e6 2. c4 c5 3. d5 exd5 4. cxd5 d6 5. Nc3 g6 6. e4 Bg7 7. Nf3 a6 8. a4 Bg4 9. Be2 Bxf3 10. Bxf3 Nd7 11. 0-0 Ngf6 12. Bf4 Qe7 13. Qb3 Rb8 14. Rfe1 0-0 15. Qc4 Ne5 16. Bxe5 Qxe5 17. a5 h5 18. Bd1 b5 19. axb6 Rxb6 20. Rxa6 Rxb2 21. Na2 Qf4 22. Bf3 Ng4 0-1

[Event "RUS-chT2"]
[Site "Novokuznetsk"]
[Date "2003.??.??"]
[Round "3"]
[White "Zaitsev, Vadim"]
[Black "Emelianov, Mikhail"]
[Result "1/2-1/2"]
[WhiteElo "2432"]
[BlackElo "2239"]
[PlyCount "126"]
[EventDate "2003.??.??"]
[EventType "team"]
[EventRounds "9"]
[EventCountry "RUS"]
[SourceTitle "EXT 2005"]
[Source "ChessBase"]
[SourceDate "2004.11.15"]
[SourceVersion "1"]
[SourceVersionDate "2004.11.15"]
[SourceQuality "1"]

1. e4 c5 2. Nf3 Nc6 3. Nc3 e5 4. Bc4 Be7 5. d3 d6 6. h3 h6 7. Nd5 Be6 8. c3 Bxd5 9. Bxd5 Nf6 10. Qb3 Nxd5 11. exd5 Nb8 12. Qxb7 Nd7 13. Qb3 0-0 14. 0-0 f5 15. Nd2 g5 16. Nc4 Kh8 17. f3 Nf6 18. Ne3 Nh5 19. Re1 Qd7 20. d4 exd4 21. cxd4 Bf6 22. Bd2 Rab8 23. Qc2 Bxd4 24. Bc3 Qg7 25. Rad1 Bxc3 26. bxc3 Qf6 27. Nc4 Ng7 28. Re3 Rfe8 29. Rde1 Rxe3 30. Rxe3 Rf8 31. Re2 Re8 32. Rxe8+ Nxe8 33. Qb2 Qe7 34. Kf2 Kg7 35. Ne3 Qe5 36. Qb7+ Kg6 37. c4 Qd4 38. Ke2 f4 39. Qb1+ Kh5 40. g4+ fxg3 41. Qb7 Qg7 42. Qb3 Qe5 43. Kf1 Qa1+ 44. Kg2 Qe1 45. Ng4 Kh4 46. Qc2 h5 47. Nh6 g4 48. Nf5+ Kg5 49. Nxg3 gxf3+ 50. Kxf3 Qe5 51. Ne4+ Kh6 52. Qd2+ Kg6 53. Qf4 Qf5 54. h4 Qh3+ 55. Ng3 Nf6 56. Qg5+ Kf7 57. Qf4 Kg6 58. a4 a5 59. Qg5+ Kf7 60. Qf4 Kg6 61. Ke2 Qh2+ 62. Kf1 Qc2 63. Kg1 Qxa4 1/2-1/2

[Event "RUS-chT (club)"]
[Site "Novokuznetsk"]
[Date "1999.??.??"]
[Round "?"]
[White "Emelianov, Mikhail"]
[Black "Ozgibcev, Anatoly"]
[Result "0-1"]
[WhiteElo "2290"]
[BlackElo "2418"]
[PlyCount "88"]
[EventDate "1999.??.??"]
[EventType "team-tourn"]
[EventRounds "11"]
[EventCountry "RUS"]
[SourceTitle "EXT 2001"]
[Source "ChessBase"]
[SourceDate "2000.11.22"]
[SourceVersion "1"]
[SourceVersionDate "2000.11.22"]
[SourceQuality "1"]

1. a3 Nf6 2. e3 g6 3. b4 Bg7 4. Bb2 d6 5. c4 0-0 6. g3 c6 7. Bg2 Nbd7 8. Nf3 e5 9. d3 Qe7 10. Nbd2 Nh5 11. Qc2 f5 12. 0-0 Kh8 13. a4 Nhf6 14. b5 c5 15. a5 Rb8 16. Nb1 Re8 17. Nc3 Qf7 18. Nd2 Nf8 19. f4 Ng4 20. Nd5 Be6 21. h3 Bxd5 22. Bxd5 Nxe3 23. Bxf7 Nxc2 24. Bxe8 Nxa1 25. Bf7 Nc2 26. fxe5 dxe5 27. Nb3 b6 28. a6 e4 29. Bxg7+ Kxg7 30. Bd5 e3 31. Rc1 e2 32. Kf2 Re8 33. Re1 Nxe1 34. Kxe1 Ne6 35. Bf3 Rd8 36. Bxe2 Nd4 37. Nxd4 Rxd4 38. Kf2 Kf6 39. Ke3 Ke5 40. Kf3 h6 41. Bf1 g5 42. Kf2 h5 43. Ke2 h4 44. gxh4 Rxh4 0-1

[Event "RUS-chT (club)"]
[Site "Novokuznetsk"]
[Date "1999.??.??"]
[Round "?"]
[White "Emelianov, Mikhail"]
[Black "Salinnikov, Denis Y"]
[Result "0-1"]
[WhiteElo "2290"]
[BlackElo "2484"]
[PlyCount "76"]
[EventDate "1999.??.??"]
[EventType "team-tourn"]
[EventRounds "11"]
[EventCountry "RUS"]
[SourceTitle "EXT 2001"]
[Source "ChessBase"]
[SourceDate "2000.11.22"]
[SourceVersion "1"]
[SourceVersionDate "2000.11.22"]
[SourceQuality "1"]

1. e4 c5 2. Nf3 Nc6 3. d4 cxd4 4. Nxd4 Nf6 5. Nc3 Qb6 6. Nb3 e6 7. Be3 Qc7 8. Bd3 Bb4 9. 0-0 Bxc3 10. bxc3 d6 11. Bg5 Bd7 12. Rb1 Ne5 13. c4 Rc8 14. Nd2 Bc6 15. Bxf6 gxf6 16. Qh5 Qa5 17. f4 Nxc4 18. Qxa5 Nxa5 19. Nf3 Ke7 20. Nd4 b6 21. Rf3 Bb7 22. Rh3 h6 23. Rb5 Rc5 24. Rb1 d5 25. e5 f5 26. Nb5 Nc6 27. Nd6 Ba8 28. Rg3 Kf8 29. Rb3 Rg8 30. Rh3 Rg6 31. a4 Nd4 32. Rb2 Ke7 33. Kf2 f6 34. Ke3 fxe5 35. fxe5 Nc6 36. Bxf5 exf5 37. Nxf5+ Ke6 38. Kf2 Kxf5 0-1